| 000 | 00599nam a2200205 a 4500 | ||
|---|---|---|---|
| 005 | 20220530093603.0 | ||
| 008 | 081205s2006 mx r 000 0 spa d | ||
| 020 | _a9502314603 | ||
| 035 | _aUPN01000168355 | ||
| 049 | _aCG | ||
| 050 | 4 |
_aQH506 _bV3.4 |
|
| 100 | 1 | _aVázquez, Martín | |
| 245 | 1 | 3 |
_aLa intimidad de las moléculas de la vida : _bde los genes a las proteínas / _cMartín Vázquez. |
| 260 |
_aBuenos Aires : _bEudeba, _c2006. |
||
| 300 |
_a103 p. : _bil. |
||
| 440 | 0 |
_aCiencia joven ; _v13 |
|
| 650 | 4 |
_aBIOLOGIA MOLECULAR _94945 |
|
| 650 | 2 |
_aGenética _914893 |
|
| 905 | _aLibro | ||
| 999 |
_c140462 _d140462 |
||